| 000 | 01691nam a2200397 i 4500 | ||
|---|---|---|---|
| 001 | 162306 | ||
| 003 | ES-MaACL | ||
| 005 | 20251013215431.0 | ||
| 008 | 041110s1801 fr acf |||| | fre d | ||
| 040 |
_aCAM _bspa _cCAM |
||
| 100 | 0 |
_aPlutarco _992678 |
|
| 245 | 1 | 4 |
_aLes vies des homes illustres / _cde Plutarque ; traduites du grec par Amyot... ; avec des notes et des observations par MM. Brotier et Vauvilliers ; tome quatrième. |
| 250 |
_aNouvell éd. _brev., corr. et augm. par E. Clavier. |
||
| 260 |
_aA Paris : _bde l'imprimerie de Cussac..., _cAn IX [1801] |
||
| 300 |
_a[4], 496 p., [2] h. de grab. : _bil. ; _c8º. |
||
| 505 | 8 | _aContiene : Philopoemen ; T.Q. Flaminius ; Pyrrhus ; Caius Marius ; Lysander ; Sylla | |
| 594 | _aTít. en antep.: Oeuvres de Plutarque. | ||
| 595 | _aDato de ed. precede a mención de parte. | ||
| 596 | _aMarca tip. en port. | ||
| 597 | _aSign.: []2, A-Z8, 2A-2H8. | ||
| 597 | _aAntep. | ||
| 599 | _aLas h. de grab. calc. alegóricas : "Mirys del., 1784, N. Ponce sculp.", "C.P. Marillier inv., 1784, L.M. Halbou sculp." | ||
| 599 | _aLas il. xil. retratos. | ||
| 600 | 0 | 4 |
_aFilopomene- _xBiografías. _9127081 |
| 600 | 1 | 7 |
_aFlaminio, Tito Quinto, _d228-174 a. C. _2 _9127093 |
| 600 | 0 | 4 |
_aPirro, _cRey de Epiro _9131182 |
| 600 | 1 | 4 |
_aLisandro _9128973 |
| 600 | 0 | 4 |
_aSilla- _xBiografías. _9132729 |
| 700 | 1 |
_aAmyot, Jacques. _9125662 |
|
| 700 | 1 |
_aVauvilliers, Jean François. _9133574 |
|
| 700 | 1 |
_aBrotier, Gabriel, _d1723-1789 _9149971 |
|
| 700 | 1 |
_aClavier, Etienne, _d1762-1817 _9149972 |
|
| 740 | 0 | 1 | _aOeuvres de Plutarque. |
| 852 |
_aES-MaACL _jG-9432 _z-- Enc. pasta española |
||
| 999 |
_c162306 _d162306 |
||